[Event "Tournoi Skype 022B"]
[Site "Skype"]
[Date "????.??.??"]
[Round "4.25"]
[White "Battaglia, Gabriele"]
[Black "Yilmazer, Seher"]
[Result "1-0"]
[WhiteElo "1264"]
[BlackElo "1174"]
[PlyCount "83"]

1. Nf3 Nc6 2. g3 e5 3. d3 d5 4. Bg2 Bc5 5. O-O Nf6 6. Bg5 O-O 7. Nbd2 e4 8.
dxe4 dxe4 9. Nxe4 Qxd1 10. Raxd1 Be7 11. Nxf6+ gxf6 12. Bh6 Re8 13. Nd4 Nb4 14.
a3 Na6 15. Nc6 Bc5 16. b4 Bb6 17. Rd8 Bg4 18. Rxa8 Rxa8 19. Ne7+ Kh8 20. Bxb7
Re8 21. Nd5 Bxf2+ 22. Rxf2 Re5 23. Nxf6 Bxe2 24. Bxa6 Bxa6 25. Nd7 Re1+ 26. Kg2
Bb7+ 27. Kh3 Bc8 28. Rxf7 Re8 29. Bg7+ Kg8 30. Rf4 Bxd7+ 31. Kh4 Kxg7 32. c4 h5
33. Kxh5 Rh8+ 34. Kg5 Rxh2 35. Rd4 Kh8 36. Rxd7 Kg8 37. Rxc7 Rg2 38. g4 Re2 39.
Kf6 Re8 40. g5 Rf8+ 41. Kg6 Kh8 42. Kh6 1-0

[Event "Tournoi Skype 022B"]
[Site "Skype"]
[Date "????.??.??"]
[Round "4.26"]
[White "Bucherie, Volcy"]
[Black "Douichi, Mohammed"]
[Result "0-1"]
[WhiteElo "1255"]
[BlackElo "1165"]
[PlyCount "96"]

1. d4 Nf6 2. c4 e6 3. Nc3 Bb4 4. Bd2 O-O 5. Nf3 Nc6 6. e4 Bxc3 7. bxc3 Nxe4 8.
d5 exd5 9. cxd5 Na5 10. Qa4 Nxd2 11. Nxd2 b6 12. Bd3 Re8+ 13. Ne4 d6 14. O-O
Bf5 15. Rfe1 Re5 16. Qd4 Nb7 17. Ng3 Rxe1+ 18. Rxe1 Bxd3 19. Qxd3 Qf6 20. Nf5
Nc5 21. Qf3 Nd7 22. Re7 Ne5 23. Qe4 g6 24. Nh6+ Kf8 25. Rxc7 Re8 26. Rxa7 Nc4
27. Rxf7+ Qxf7 28. Nxf7 Rxe4 29. f3 Re1+ 30. Kf2 Rc1 31. Ng5 Kg7 32. Ne6+ Kf6
33. Nf8 h5 34. Nh7+ Ke5 35. Ng5 Kxd5 36. h4 Rxc3 37. g4 Rc2+ 38. Kg3 hxg4 39.
Kxg4 Ne5+ 40. Kf4 Rxa2 41. Ne4 Ra4 42. Kg3 Ra3 43. Kf4 Rxf3+ 44. Kg5 Kxe4 45.
h5 gxh5 46. Kxh5 b5 47. Kg5 b4 48. Kh6 b3 0-1

[Event "Tournoi Skype 022B"]
[Site "Skype"]
[Date "????.??.??"]
[Round "4.27"]
[White "Bacha, Mehdi"]
[Black "Bouffard, Georges"]
[Result "1-0"]
[WhiteElo "1173"]
[BlackElo "1251"]
[PlyCount "127"]

1. e4 e6 2. c4 Nc6 3. d3 g6 4. Be3 Bg7 5. Qc2 Nb4 6. Qb3 c5 7. Bxc5 Na6 8. Be3
Ne7 9. g3 e5 10. Bg2 Nc6 11. Nf3 d6 12. O-O Na5 13. Qa4+ Bd7 14. Qc2 Be6 15.
Nbd2 Nb4 16. Qa4+ Nac6 17. a3 Nxd3 18. Qb3 Nc5 19. Qc2 Nd4 20. Nxd4 exd4 21.
Bf4 d3 22. Qc1 Rc8 23. Re1 Na4 24. Rb1 Qb6 25. Be3 Bd4 26. Bxd4 Qxd4 27. Bf1 d5
28. Nb3 Rxc4 29. Nxd4 Rxc1 30. Rexc1 O-O 31. Nxe6 fxe6 32. Bxd3 dxe4 33. Bxe4
Nb6 34. Bxb7 Rf7 35. Bg2 Nd7 36. Rc7 Ne5 37. Rbc1 Rxc7 38. Rxc7 a6 39. b4 Nd3
40. Ra7 e5 41. Bd5+ Kh8 42. Rxa6 Kg7 43. Be4 Nb2 44. Rc6 Na4 45. Kg2 h5 46.
Bxg6 Kh6 47. Bc2+ Kg5 48. Bxa4 e4 49. Bd1 Kf5 50. Bxh5 Ke5 51. b5 Kd5 52. Rc1
Kd4 53. b6 e3 54. b7 e2 55. Bxe2 Ke4 56. b8=Q Kf5 57. Qc8+ Ke5 58. Qd7 Kf6 59.
Qe8 Kg5 60. Rc5+ Kh6 61. Rh5+ Kg7 62. Qe7+ Kg6 63. Rg5+ Kh6 64. Qg7# 1-0

[Event "Tournoi Skype 022B"]
[Site "Skype"]
[Date "????.??.??"]
[Round "4.28"]
[White "Berbedes, Jorgelina"]
[Black "Codina, Teresa"]
[Result "0-1"]
[WhiteElo "1094"]
[BlackElo "1236"]
[PlyCount "68"]

1. d4 Nf6 2. Bf4 d5 3. Nf3 e6 4. e3 c5 5. c3 Nc6 6. Bd3 c4 7. Bc2 Be7 8. Nbd2
O-O 9. Qe2 a5 10. a4 b6 11. O-O Bb7 12. Rfe1 Re8 13. b3 Ba6 14. bxc4 Bf8 15.
Ne5 Nxe5 16. Bxe5 Rc8 17. Bxf6 Qxf6 18. Bd3 dxc4 19. Bxc4 Bb7 20. Nf3 Bd6 21.
Rab1 Bc7 22. e4 Rcd8 23. e5 Qg6 24. Qd3 Qg4 25. Re3 Bc8 26. h3 Qh5 27. d5 exd5
28. Bxd5 Bf5 29. g4 Bxd3 30. gxh5 Bxb1 31. e6 Kf8 32. e7+ Rxe7 33. Ng5 Rxe3 34.
fxe3 Rxd5 0-1

[Event "Tournoi Skype 022B"]
[Site "Skype"]
[Date "????.??.??"]
[Round "4.29"]
[White "Khabou, Taha"]
[Black "Porcabeuf, Jean-Marc"]
[Result "1-0"]
[WhiteElo "1000"]
[BlackElo "1224"]
[PlyCount "51"]

1. c4 c5 2. e4 e5 3. Nc3 h6 4. b3 Nf6 5. Bb2 d6 6. Nge2 Nc6 7. g3 Be7 8. Bg2
O-O 9. Nd5 Nxd5 10. exd5 Nb8 11. Qc2 Nd7 12. O-O-O Nf6 13. f4 exf4 14. Nxf4 a6
15. Rhf1 b5 16. d3 b4 17. d4 a5 18. dxc5 dxc5 19. Rde1 a4 20. Re3 axb3 21. Rxb3
Bd7 22. Bxf6 Bxf6 23. Nh5 Bg5+ 24. Kb1 Ba4 25. Qb2 Bxb3 26. Qxg7# 1-0

[Event "Tournoi Skype 022B"]
[Site "Skype"]
[Date "????.??.??"]
[Round "4.30"]
[White "Schnell, Nicolas"]
[Black "Alverson, Ginny"]
[Result "0-1"]
[WhiteElo "1000"]
[BlackElo "1207"]
[PlyCount "72"]

1. e4 c5 2. Nc3 Nc6 3. Bc4 e6 4. Qf3 Nf6 5. Qf4 Nh5 6. Qf3 Ne5 7. Qe2 Nf4 8.
Qf1 Nxc4 9. Qxc4 Nxg2+ 10. Kd1 Qf6 11. Qe2 Bd6 12. Nf3 O-O 13. d3 b6 14. Nb5
Be7 15. e5 Qg6 16. b3 Bb7 17. Rg1 Qg4 18. h3 Qxh3 19. Qe4 Bxe4 20. dxe4 Qxf3+
21. Kd2 Qxf2+ 22. Kd1 Qxg1+ 23. Kd2 Qd4+ 24. Ke2 Qxa1 25. Bd2 Qxe5 26. Kf2 Qxe4
27. Nc3 Qh4+ 28. Kxg2 Qg4+ 29. Kf2 Bh4+ 30. Kf1 Qf3+ 31. Kg1 Qg3+ 32. Kh1 Qf3+
33. Kg1 Bf2+ 34. Kf1 Be3+ 35. Ke1 Qf2+ 36. Kd1 Qxd2# 0-1

[Event "Tournoi Skype 022B"]
[Site "Skype"]
[Date "????.??.??"]
[Round "4.32"]
[White "Cengiz, Ali Ekber"]
[Black "Lawton, Tony"]
[Result "1-0"]
[WhiteElo "1201"]
[BlackElo "1000"]
[PlyCount "35"]

1. e4 e5 2. Nf3 Nc6 3. Bc4 d6 4. d3 Be6 5. Bb5 Be7 6. Nc3 a6 7. Ba4 b5 8. Bb3
b4 9. Ne2 Nf6 10. h3 O-O 11. Ng3 Qd7 12. Be3 Rad8 13. Ba4 d5 14. Nxe5 Qe8 15.
Bxc6 Qxc6 16. Nxc6 Rd6 17. Nxe7+ Kh8 18. e5 1-0

[Event "Tournoi Skype 022B"]
[Site "Skype"]
[Date "????.??.??"]
[Round "4.33"]
[White "Barrionuevo, Hilario"]
[Black "Gieschen, Mike"]
[Result "0-1"]
[WhiteElo "1000"]
[BlackElo "1234"]
[PlyCount "48"]

1. e4 c5 2. Bc4 e6 3. Nf3 Nf6 4. e5 Nh5 5. d3 Nc6 6. O-O d6 7. Re1 g6 8. Nc3
Bg7 9. Bg5 Qc7 10. Nb5 Qd7 11. Nxd6+ Kf8 12. Bb5 a6 13. Ba4 b5 14. Bb3 Nxe5 15.
Nxe5 Qxd6 16. Qf3 Bxe5 17. g3 Rb8 18. d4 Bxd4 19. Rad1 Bb7 20. Rxe6 Qxe6 21.
Bxe6 Bxf3 22. Re1 fxe6 23. Rxe6 Re8 24. Bh6+ Kf7 0-1

[Event "Tournoi Skype 022B"]
[Site "Skype"]
[Date "????.??.??"]
[Round "5.1"]
[White "Ramirez Reina, Orlando"]
[Black "Rangasamy, Jayaprakash"]
[Result "1-0"]
[WhiteElo "1301"]
[BlackElo "1199"]
[PlyCount "89"]

1. e4 e6 2. d4 d5 3. Nd2 Nf6 4. Bd3 c5 5. c3 Nc6 6. Ne2 Qb6 7. e5 Nd7 8. Nf3
Be7 9. O-O f6 10. exf6 Nxf6 11. Qc2 Rf8 12. Ne5 Bd7 13. b3 O-O-O 14. Nxd7 Nxd7
15. Be3 h6 16. Nf4 Rf6 17. Nh5 Rdf8 18. Nxf6 Rxf6 19. Rac1 Bd6 20. dxc5 Bxc5
21. Bxc5 Nxc5 22. b4 Nxd3 23. Qxd3 Ne5 24. Qd4 Rg6 25. Qxe5 Qd8 26. a4 h5 27.
a5 a6 28. Qxh5 Qf6 29. Qh3 Rh6 30. Qe3 g5 31. Qd4 Qg6 32. Qc5+ Kd7 33. Qb6 g4
34. Qxb7+ Ke8 35. Qc8+ Kf7 36. Qb8 Qh5 37. Qg3 e5 38. f3 gxf3 39. Rxf3+ Ke6 40.
Qh3+ Qxh3 41. Rxh3 Rxh3 42. gxh3 e4 43. Kf2 Ke5 44. Ke3 Kf5 45. Rg1 1-0

[Event "Tournoi Skype 022B"]
[Site "Skype"]
[Date "????.??.??"]
[Round "5.2"]
[White "Couto, Januario"]
[Black "Junqueira, Leonardo De Faria"]
[Result "1/2-1/2"]
[WhiteElo "1500"]
[BlackElo "1400"]
[PlyCount "141"]

1. e4 d6 2. d4 d5 3. Nd2 Nf6 4. e5 Nfd7 5. Ngf3 e6 6. Bd3 h6 7. O-O Nb6 8. c3
Be7 9. Re1 N8d7 10. Nf1 c5 11. a3 Bg5 12. Ng3 Bxc1 13. Rxc1 c4 14. Bc2 Nf8 15.
Nh5 Bd7 16. Nxg7+ Ke7 17. Nh5 Qc7 18. Nf6 Bc6 19. Qd2 Nfd7 20. Qf4 Raf8 21. Nh7
Rfg8 22. Qh4+ Ke8 23. Nf6+ Nxf6 24. Qxf6 Qe7 25. Re3 Qxf6 26. exf6 Nd7 27. Ne5
Nxf6 28. Nxc6 bxc6 29. Rf3 Nh7 30. Ba4 Ng5 31. Bxc6+ Kd8 32. Re3 Rg7 33. f4 Ne4
34. Ba4 Rhg8 35. g3 h5 36. Bc2 Nf6 37. Rce1 h4 38. Kg2 Ng4 39. Rf3 hxg3 40.
Rxg3 Nf6 41. Rxg7 Rxg7+ 42. Kf3 Rg8 43. h3 Nh5 44. f5 Rg3+ 45. Ke2 Rxh3 46.
fxe6 fxe6 47. Kd1 Ke7 48. Bf5 Rh2 49. Bxe6 Nf4 50. Bxd5+ Kd6 51. Bxc4 Rxb2 52.
Kc1 Rh2 53. a4 a5 54. Rf1 Ne2+ 55. Bxe2 Rxe2 56. Rf6+ Kd5 57. Rf5+ Kc4 58. Rc5+
Kd3 59. d5 Ra2 60. Rxa5 Kxc3 61. Kb1 Rd2 62. Rb5 Kc4 63. Ka1 Rxd5 64. Rxd5 Kxd5
65. Ka2 Kc6 66. Kb3 Kb6 67. Kb4 Ka6 68. a5 Ka7 69. Kb5 Kb7 70. a6+ Ka7 71. Ka5
1/2-1/2

[Event "Tournoi Skype 022B"]
[Site "Skype"]
[Date "????.??.??"]
[Round "5.6"]
[White "Aranzubia, Desiderio"]
[Black "Bhandari, Dattatrey"]
[Result "1/2-1/2"]
[WhiteElo "1488"]
[BlackElo "1298"]
[PlyCount "46"]

1. d4 d5 2. Nf3 c5 3. c4 h6 4. dxc5 Qa5+ 5. Nc3 Qxc5 6. Nxd5 e6 7. Nc3 Nf6 8.
e3 Be7 9. a3 a5 10. Be2 b6 11. b3 Bb7 12. Bb2 O-O 13. O-O Bxf3 14. Bxf3 Ra7 15.
Ne4 Nxe4 16. Bxe4 f5 17. Bc2 Rd7 18. Qe2 e5 19. Rad1 Qc7 20. a4 Bd6 21. Rd2 e4
22. Rfd1 Bxh2+ 23. Kh1 Bd6 1/2-1/2

[Event "Tournoi Skype 022B"]
[Site "Skype"]
[Date "????.??.??"]
[Round "5.7"]
[White "Briere, Jean"]
[Black "Fouquereau, Andre"]
[Result "0-1"]
[WhiteElo "1381"]
[BlackElo "1479"]
[PlyCount "48"]

1. e4 e5 2. Nf3 d6 3. d4 exd4 4. Nxd4 Be7 5. Bc4 Nf6 6. Nc3 c6 7. O-O O-O 8.
Re1 Ng4 9. Bf4 Qb6 10. Bb3 Be6 11. h3 Bxb3 12. hxg4 Be6 13. Na4 Qd8 14. e5 d5
15. Nxe6 fxe6 16. Be3 b6 17. b3 c5 18. c3 Nc6 19. f4 d4 20. cxd4 cxd4 21. Bd2
Nb4 22. Nb2 Bc5 23. g3 d3+ 24. Kg2 Nc2 0-1

[Event "Tournoi Skype 022B"]
[Site "Skype"]
[Date "????.??.??"]
[Round "5.8"]
[White "Malbec, Robert"]
[Black "Borg, Anthony"]
[Result "0-1"]
[WhiteElo "1467"]
[BlackElo "1237"]
[PlyCount "76"]

1. e4 e6 2. d4 c5 3. Nf3 cxd4 4. Qxd4 Nc6 5. Qd1 Nf6 6. Bg5 h6 7. Bxf6 Qxf6 8.
c3 Bc5 9. Bd3 Ne5 10. Nxe5 Qxe5 11. O-O O-O 12. Nd2 Bd6 13. Nf3 Qf4 14. Qe2 e5
15. h3 Bc7 16. g3 Qf6 17. Nh2 d6 18. Ng4 Bxg4 19. Qxg4 Rad8 20. Kg2 d5 21. exd5
Rxd5 22. Be4 Rd2 23. Rab1 Bb6 24. Qf3 Qe7 25. Bxb7 Rfd8 26. Be4 R8d6 27. Qf5 g6
28. Qc8+ Kg7 29. Qg4 h5 30. Qh4 Rf6 31. Bf3 Qc5 32. Qe4 Rxf2+ 33. Rxf2 Qxf2+
34. Kh1 Rxf3 35. Qxe5+ Kh7 36. Qe1 Qc2 37. Qd1 Qe4 38. Qe1 Rf1+ 0-1

[Event "Tournoi Skype 022B"]
[Site "Skype"]
[Date "????.??.??"]
[Round "5.9"]
[White "Torres, Vicky"]
[Black "Hernandez, George"]
[Result "0-1"]
[WhiteElo "1277"]
[BlackElo "1429"]
[PlyCount "52"]

1. e4 e5 2. Bc4 Nc6 3. Nf3 Nf6 4. Nc3 Bc5 5. h3 d6 6. Ng5 O-O 7. O-O Nd4 8. d3
h6 9. Nf3 Bd7 10. Nxd4 Bxd4 11. Nb5 Bxb5 12. Bxb5 c6 13. Ba4 b5 14. Bb3 a5 15.
c3 Bb6 16. d4 Nxe4 17. Be3 exd4 18. cxd4 d5 19. Rc1 Qd6 20. Qf3 Rac8 21. Bf4
Qf6 22. Rfd1 Bxd4 23. Bc2 Nxf2 24. Rd2 Nxh3+ 25. Kh2 Nxf4 26. a4 Qh4+ 0-1

[Event "Tournoi Skype 022B"]
[Site "Skype"]
[Date "????.??.??"]
[Round "5.12"]
[White "Meaney, Mike"]
[Black "Moumtaz, Abderrahim"]
[Result "1-0"]
[WhiteElo "1370"]
[BlackElo "1338"]
[PlyCount "49"]

1. d4 d5 2. e4 dxe4 3. Nc3 Nf6 4. Bg5 e6 5. Nxe4 Be7 6. Bxf6 Bxf6 7. Nf3 O-O 8.
Bd3 Nc6 9. c3 Re8 10. Qc2 h6 11. Nxf6+ Qxf6 12. O-O-O Rd8 13. Rde1 Re8 14. d5
Ne7 15. dxe6 Bxe6 16. Re2 Bf5 17. Bxf5 Qxf5 18. Qxf5 Nxf5 19. Rhe1 Rxe2 20.
Rxe2 c6 21. Rd2 Rb8 22. Rd7 Kf8 23. Ne5 Ne7 24. Rd3 Ng6 25. Nd7+ 1-0

[Event "Tournoi Skype 022B"]
[Site "Skype"]
[Date "????.??.??"]
[Round "5.14"]
[White "Sanchez Padilla, Armando Edilber"]
[Black "Duthoit, Bernard"]
[Result "1-0"]
[WhiteElo "1278"]
[BlackElo "1515"]
[PlyCount "71"]

1. e4 e6 2. Nf3 d5 3. Nc3 dxe4 4. Nxe4 Nf6 5. Nc3 Bb4 6. Bc4 Bxc3 7. bxc3 Nc6
8. O-O O-O 9. d4 b6 10. Ba3 Re8 11. Bb5 Bb7 12. Ne5 Nd7 13. Nxc6 Bxc6 14. Bxc6
Rb8 15. Re1 b5 16. Bc5 Nxc5 17. Bxe8 Qxe8 18. dxc5 Rd8 19. Qf3 c6 20. Qe4 Rd5
21. Re3 Rxc5 22. g3 Rd5 23. Rae1 Qe7 24. c4 Rc5 25. Qf4 g5 26. Qg4 Rxc4 27. Qe2
e5 28. c3 Qa3 29. Qd2 h6 30. Qd8+ Kg7 31. Qd2 Qe7 32. Rxe5 Qf6 33. a3 Qe7 34.
Ra1 Qf6 35. Qe3 Rxc3 36. Qxc3 1-0

[Event "Tournoi Skype 022B"]
[Site "Skype"]
[Date "????.??.??"]
[Round "5.15"]
[White "Munoz Gonzalez, Martin"]
[Black "Battaglia, Gabriele"]
[Result "1-0"]
[WhiteElo "1406"]
[BlackElo "1264"]
[PlyCount "87"]

1. b3 e5 2. Bb2 Nc6 3. e3 a6 4. Nf3 d6 5. Be2 Nf6 6. O-O Be7 7. c4 O-O 8. Nc3
e4 9. Ne1 d5 10. cxd5 Nxd5 11. Nxe4 Bf5 12. Ng3 Bg6 13. Nf3 Bf6 14. d4 Nce7 15.
Ne5 Re8 16. Nxg6 Nxg6 17. Bd3 Nde7 18. Ne4 Nd5 19. Nxf6+ Qxf6 20. e4 Ndf4 21.
Qf3 Nh4 22. Qg3 Nhxg2 23. e5 Qh4 24. Qxh4 Nxh4 25. Be4 Ne2+ 26. Kh1 Rad8 27.
Rad1 f5 28. Bxb7 a5 29. f4 Re6 30. Rf2 Nxd4 31. Rxd4 Rxd4 32. Bxd4 Re7 33. Bd5+
Kh8 34. Rd2 Nf3 35. Bxf3 Rd7 36. Bc3 Rxd2 37. Bxd2 h6 38. Bxa5 c5 39. Bb6 g5
40. Bxc5 g4 41. Bg2 Kg7 42. a4 Kf7 43. a5 Ke8 44. a6 1-0

[Event "Tournoi Skype 022B"]
[Site "Skype"]
[Date "????.??.??"]
[Round "5.16"]
[White "De Nobrega, George"]
[Black "Ram, Madhukesh"]
[Result "0-1"]
[WhiteElo "1396"]
[BlackElo "1230"]
[PlyCount "44"]

1. e4 e5 2. Nf3 Nc6 3. Bc4 Bc5 4. Nc3 Nf6 5. Nxe5 Nxe5 6. d4 Nxc4 7. dxc5 O-O
8. Qd4 Na5 9. O-O Nc6 10. Qe3 Re8 11. Re1 d6 12. cxd6 Qxd6 13. h3 Bf5 14. Qf3
Qe6 15. Bf4 Bxe4 16. Nxe4 Nxe4 17. Qd3 Nb4 18. Qd1 Qc6 19. c3 Nd5 20. Bh2 Rad8
21. f3 Qc5+ 22. Kh1 Nf2+ 0-1

[Event "Tournoi Skype 022B"]
[Site "Skype"]
[Date "????.??.??"]
[Round "5.17"]
[White "Bustos, Ricardo"]
[Black "Lemoine, Gerard"]
[Result "0-1"]
[WhiteElo "1250"]
[BlackElo "1396"]
[PlyCount "73"]

1. d4 d5 2. Nf3 Bf5 3. c4 Bxb1 4. Rxb1 e6 5. a3 c5 6. e3 Nc6 7. Be2 Nf6 8. Bd3
Bd6 9. dxc5 Bxc5 10. b4 dxc4 11. Bxc4 Qxd1+ 12. Kxd1 O-O-O+ 13. Kc2 Bb6 14. Bb2
Rhg8 15. Ne5 Nxe5 16. Bxe5 Ng4 17. Bg3 Bc7 18. Bxc7 Kxc7 19. Rbf1 Ne5 20. Bb5
Rd5 21. a4 Rgd8 22. Rd1 Ng4 23. Rxd5 Rxd5 24. Rd1 Nxf2 25. Rxd5 exd5 26. Kc3
Ng4 27. Bd3 Nxe3 28. Kd4 Nxg2 29. Bxh7 Kd6 30. Bg8 f6 31. Bxd5 Nf4 32. Be4 b6
33. b5 Ne6+ 34. Kc4 Nc5 35. Bc2 g5 36. h3 Ke5 37. Bb1 0-1

[Event "Tournoi Skype 022B"]
[Site "Skype"]
[Date "????.??.??"]
[Round "5.18"]
[White "Codina, Teresa"]
[Black "Maccaferri, Massimo"]
[Result "1-0"]
[WhiteElo "1236"]
[BlackElo "1357"]
[PlyCount "61"]

1. e4 e5 2. Nf3 Nc6 3. Bb5 a6 4. Ba4 b5 5. Bb3 Nf6 6. d3 d6 7. O-O Be6 8. Bg5
Bxb3 9. axb3 Be7 10. Nbd2 Nxe4 11. Bxe7 Qxe7 12. Nxe4 d5 13. Ned2 e4 14. Re1
O-O-O 15. dxe4 dxe4 16. Rxe4 Qf6 17. c3 Rhe8 18. Qc2 Qg6 19. Rxa6 Rd6 20. Rxe8+
Kd7 21. Qxg6 hxg6 22. Re2 g5 23. Nxg5 f6 24. Ngf3 Rd5 25. Ra1 b4 26. Rc1 bxc3
27. bxc3 Rb5 28. b4 Rd5 29. Nb3 g5 30. Nc5+ Kd6 31. Re6# 1-0

[Event "Tournoi Skype 022B"]
[Site "Skype"]
[Date "????.??.??"]
[Round "5.19"]
[White "Alverson, Ginny"]
[Black "Yanez, Leticia Jorgelina"]
[Result "0-1"]
[WhiteElo "1207"]
[BlackElo "1348"]
[PlyCount "82"]

1. Nf3 d5 2. d4 c6 3. e3 Nf6 4. Nbd2 Bg4 5. Be2 e6 6. O-O Nbd7 7. h3 Bh5 8. c4
Qc7 9. cxd5 exd5 10. Bd3 O-O-O 11. Bf5 g6 12. Bxd7+ Nxd7 13. Qa4 Bxf3 14. Nxf3
Kb8 15. Qc2 Bd6 16. g3 h5 17. Ng5 Nf6 18. f4 h4 19. gxh4 Rxh4 20. Qg2 Rdh8 21.
Nf3 Rxh3 22. Kf2 g5 23. Nxg5 Rh2 24. Rh1 Rxg2+ 25. Kxg2 Rg8 26. Kf2 Ne4+ 27.
Nxe4 dxe4 28. Bd2 f6 29. Rh6 Be7 30. Rah1 Qd8 31. a3 b5 32. Bb4 Bxb4 33. axb4
Rf8 34. R1h5 Kb7 35. Rh7+ Kb6 36. Ke2 Qd6 37. Rc5 a5 38. bxa5+ Kxa5 39. Ra7+
Kb6 40. Ra2 Rh8 41. b4 Rh2+ 0-1

[Event "Tournoi Skype 022B"]
[Site "Skype"]
[Date "????.??.??"]
[Round "5.20"]
[White "Escudero Ocana, Francisco"]
[Black "Bacha, Mehdi"]
[Result "1-0"]
[WhiteElo "1333"]
[BlackElo "1173"]
[PlyCount "58"]

1. e4 d5 2. e5 Bf5 3. d4 e6 4. Nf3 Bb4+ 5. Bd2 a5 6. Bxb4 axb4 7. c3 Bxb1 8.
Qxb1 Qe7 9. Qc2 Nc6 10. Bb5 g6 11. Bxc6+ bxc6 12. O-O Nh6 13. c4 O-O 14. c5
Rfb8 15. Rfe1 Nf5 16. Qd2 Nh4 17. Nxh4 Qxh4 18. Re3 b3 19. a3 Qe7 20. Rc1 Rb7
21. Rcc3 Rab8 22. Rh3 Qf8 23. Rh6 Ra7 24. Qd3 Qxh6 25. h3 Kg7 26. Kh2 Qf4+ 27.
Qg3 Qxg3+ 28. Kxg3 Rh8 29. h4 Rb7 1-0

[Event "Tournoi Skype 022B"]
[Site "Skype"]
[Date "????.??.??"]
[Round "5.21"]
[White "Hernandez Lopez, Joaquin"]
[Black "Khabou, Taha"]
[Result "0-1"]
[WhiteElo "1318"]
[BlackElo "1000"]
[PlyCount "64"]

1. e4 e5 2. Nf3 Nf6 3. d4 exd4 4. Nxd4 Bc5 5. e5 Nd5 6. Bc4 Nb6 7. Bxf7+ Kxf7
8. Qh5+ g6 9. e6+ dxe6 10. Qxc5 Re8 11. Qe5 Qd7 12. Bg5 Kg8 13. O-O Nc6 14.
Nxc6 Qxc6 15. Bh6 Qd7 16. Nd2 Nc4 17. Ne4 Nxe5 18. Nf6+ Kh8 19. Nxd7 Nxd7 20.
Rae1 Nb6 21. Re4 e5 22. f4 Nd7 23. f5 Nf6 24. Rh4 Bxf5 25. c3 Re7 26. Bg5 Rf7
27. g4 Nxg4 28. h3 Nf6 29. Re1 Re8 30. Rd1 e4 31. Bxf6+ Rxf6 32. Rd7 Bxd7 0-1

[Event "Tournoi Skype 022B"]
[Site "Skype"]
[Date "????.??.??"]
[Round "5.22"]
[White "Douichi, Mohammed"]
[Black "Hargez, Dany"]
[Result "1-0"]
[WhiteElo "1165"]
[BlackElo "1308"]
[PlyCount "51"]

1. e4 e5 2. Nf3 Nf6 3. Bc4 d5 4. exd5 Nxd5 5. Nxe5 Qd6 6. d4 Be7 7. Qf3 O-O 8.
Bxd5 Qxd5 9. Qxd5 Bd6 10. Nf3 Re8+ 11. Be3 Be6 12. Qb5 Nd7 13. O-O Bg4 14. Nbd2
b6 15. h3 Bf5 16. Qxf5 g6 17. Qxd7 Rad8 18. Qg4 f5 19. Qh4 Rf8 20. Ng5 Rd7 21.
Ne6 Be7 22. Qh6 Rf7 23. Bg5 Bf8 24. Nxf8 Rxf8 25. Nf3 f4 26. Bxf4 1-0

[Event "Tournoi Skype 022B"]
[Site "Skype"]
[Date "????.??.??"]
[Round "5.23"]
[White "Lecluyse, Koenraad"]
[Black "Vervoort, Jean-Louis"]
[Result "0-1"]
[WhiteElo "1137"]
[BlackElo "1307"]
[PlyCount "42"]

1. d4 d5 2. Nf3 c5 3. c3 c4 4. Bf4 Nc6 5. e3 Bg4 6. Be2 Bxf3 7. Bxf3 e6 8. O-O
Nf6 9. Nd2 Bd6 10. Bxd6 Qxd6 11. e4 dxe4 12. Nxe4 Nxe4 13. Bxe4 O-O 14. Bxc6
Qxc6 15. Re1 Rfe8 16. f4 g6 17. Qc2 Rad8 18. g4 Kh8 19. f5 gxf5 20. gxf5 Rg8+
21. Kf2 Qg2+ 0-1

[Event "Tournoi Skype 022B"]
[Site "Skype"]
[Date "????.??.??"]
[Round "5.24"]
[White "Khatanhar, Mohit"]
[Black "Farfallini, Michel"]
[Result "1/2-1/2"]
[WhiteElo "1314"]
[BlackElo "1221"]
[PlyCount "33"]

1. e4 e5 2. Nf3 Nc6 3. Be2 Nf6 4. d3 Be7 5. Be3 O-O 6. O-O Re8 7. h3 b6 8. Nbd2
Bb7 9. Nh4 d5 10. exd5 Nxd5 11. Nf5 Bg5 12. Bxg5 Qxg5 13. Bg4 Bc8 14. Ne4 Qd8
15. Qf3 Nf4 16. Neg3 Bb7 17. Qe3 1/2-1/2

[Event "Tournoi Skype 022B"]
[Site "Skype"]
[Date "????.??.??"]
[Round "5.25"]
[White "Amato, Ludovica"]
[Black "Cengiz, Ali Ekber"]
[Result "0-1"]
[WhiteElo "1267"]
[BlackElo "1201"]
[PlyCount "60"]

1. e4 e5 2. Nf3 Nc6 3. Bc4 d6 4. O-O Nf6 5. d3 d5 6. exd5 Nxd5 7. Re1 Be7 8.
Nxe5 Nxe5 9. Rxe5 O-O 10. Rxd5 Bd7 11. Nc3 c6 12. Re5 Bd6 13. Re4 Bf5 14. Re1
Qh4 15. g3 Qf6 16. Ne4 Qg6 17. Nxd6 Qxd6 18. Bf4 Qd7 19. Qd2 Bh3 20. Re5 Rfc8
21. a4 c5 22. Rae1 Qc6 23. Bd5 Qxa4 24. Re7 Rf8 25. f3 Rae8 26. Rxe8 Rxe8 27.
Rxe8+ Qxe8 28. Bxb7 Qa4 29. Qe3 Qa1+ 30. Kf2 Qf1# 0-1

[Event "Tournoi Skype 022B"]
[Site "Skype"]
[Date "????.??.??"]
[Round "5.26"]
[White "Le Bouill, Pierre"]
[Black "Tekes, Gamze"]
[Result "1-0"]
[WhiteElo "1227"]
[BlackElo "1016"]
[PlyCount "57"]

1. d4 d5 2. f4 Nf6 3. e3 e6 4. c3 g6 5. Nf3 Bg7 6. Bd3 O-O 7. O-O h6 8. Nbd2
Re8 9. Ne5 b6 10. g4 Bb7 11. g5 Nh5 12. gxh6 Bxh6 13. Bxg6 Kh8 14. Nxf7+ Kg7
15. Nxd8 Rxd8 16. Qxh5 Nd7 17. Bf7 Kf8 18. Bxe6 Nf6 19. Qxh6+ Ke7 20. f5 Ba6
21. Rf4 Bc8 22. Qg7+ Kd6 23. Qxf6 Rg8+ 24. Kf2 Ba6 25. Bxg8+ Kd7 26. Qe6+ Kd8
27. Rg4 Bc8 28. Qf6+ Kd7 29. Rg7+ 1-0

[Event "Tournoi Skype 022B"]
[Site "Skype"]
[Date "????.??.??"]
[Round "5.29"]
[White "Baker, Abi"]
[Black "Bucherie, Volcy"]
[Result "0-1"]
[WhiteElo "1133"]
[BlackElo "1255"]
[PlyCount "66"]

1. c4 c5 2. Nc3 Nc6 3. e4 e5 4. Nge2 Nd4 5. d3 Nf6 6. Be3 Nxe2 7. Bxe2 d6 8.
O-O Be7 9. f4 O-O 10. f5 h6 11. g4 Bd7 12. Qb3 b5 13. cxb5 d5 14. Nxd5 Nxd5 15.
exd5 Bg5 16. Bxc5 Be7 17. d6 Bg5 18. Qd5 Rb8 19. Qxe5 Rxb5 20. b3 Re8 21. Qb2
Rxc5 22. d4 Be3+ 23. Kg2 Bc6+ 24. Kh3 Rd5 25. Rac1 Rxd6 26. Qc3 Bxc1 27. Rxc1
Rxe2 28. a4 Rxd4 29. Qxc6 Re3+ 30. Kg2 Re2+ 31. Kf3 Qe7 32. Qa8+ Kh7 33. Rc8
Qe3# 0-1

[Event "Tournoi Skype 022B"]
[Site "Skype"]
[Date "????.??.??"]
[Round "5.31"]
[White "Porcabeuf, Jean-Marc"]
[Black "Berbedes, Jorgelina"]
[Result "1-0"]
[WhiteElo "1224"]
[BlackElo "1094"]
[PlyCount "37"]

1. d4 d5 2. c4 c6 3. Nc3 Nf6 4. h3 e6 5. a3 Be7 6. Nf3 b5 7. cxb5 cxb5 8. Nxb5
a6 9. Nc3 Nc6 10. e3 O-O 11. Bd3 a5 12. O-O Rb8 13. Re1 Bd7 14. e4 dxe4 15.
Nxe4 Nxe4 16. Bxe4 Bg5 17. Bxg5 Qb6 18. Bc1 Rfe8 19. Bc2 1-0

[Event "Tournoi Skype 022B"]
[Site "Skype"]
[Date "????.??.??"]
[Round "5.32"]
[White "Dhenain, Sebastien"]
[Black "Schnell, Nicolas"]
[Result "1-0"]
[WhiteElo "1201"]
[BlackElo "1000"]
[PlyCount "75"]

1. e4 e5 2. Nf3 Nc6 3. d4 d6 4. dxe5 f6 5. exf6 Nxf6 6. Nc3 Qe7 7. Bg5 Bf5 8.
Bb5 O-O-O 9. Bxc6 bxc6 10. O-O h6 11. Re1 hxg5 12. exf5 Ne4 13. Nxe4 g4 14.
Nfg5 d5 15. Ne6 Qh4 16. Nxd8 Qxh2+ 17. Kf1 Qh1+ 18. Ke2 Qh5 19. Rh1 g3+ 20.
Rxh5 Rxh5 21. Kd2 Rxf5 22. Qg4 Bb4+ 23. c3 g6 24. Nxg3 Bc5 25. Nxf5 Kxd8 26.
Qxg6 Bxf2 27. Rf1 Bc5 28. Rh1 Bb6 29. Qg7 Kc8 30. Ne7+ Kb7 31. Nxd5 cxd5 32.
Kc2 Ka6 33. Rh6 Kb5 34. Kb3 Ba5 35. Qg5 c5 36. Qxd5 Bb4 37. cxb4 a5 38. Qxc5#
1-0

[Event "Tournoi Skype 022B"]
[Site "Skype"]
[Date "????.??.??"]
[Round "5.34"]
[White "Barrionuevo, Hilario"]
[Black "Castellano Ayala, Pedro Jose"]
[Result "0-1"]
[WhiteElo "1000"]
[BlackElo "1000"]
[PlyCount "46"]

1. e4 e5 2. Bc4 c6 3. Nf3 d5 4. exd5 cxd5 5. Bb5+ Nc6 6. Nxe5 Qe7 7. Qe2 Bd7 8.
d4 Nxd4 9. Bxd7+ Kd8 10. Qe3 Nxc2+ 11. Kd1 Nxe3+ 12. Bxe3 Qxe5 13. Nd2 Kxd7 14.
Re1 Qxb2 15. Rb1 Qxa2 16. Rxb7+ Kd6 17. Bf4+ Kc6 18. Rc7+ Kb6 19. Rc2 Qa1+ 20.
Rc1 Qa4+ 21. Rc2 Rc8 22. Be3+ Kb5 23. Nb1 Qxc2# 0-1